00813cam a22002051 4500001001300000003000400013005001700017008004100034010001700075035001900092040001700111042001200128050002000140100004200160245028900202260004800491300001800539600003300557999001700590e 14001336 DLC20260227111202.0800320s1878 nju 000 0beng  ae 14001336  a(OCoLC)6108331 aDLCcUUdDLC apremarc00aBV4070.P759bH71 aAtwater, Lyman Hotchkiss,d1813-1883.12aA discourse commemorative of the late Dr. Charles Hodge.bDelivered in the chapel of the College of New Jersey by request of the president, October 13th, and repeated in the First Presbyterian Church, Princeton, at the request of its session, October 20th, 1878,cby Lyman H. Atwater. aPrinceton,bC. S. Robinson, printer,c1878. a24 p.c22 cm.10aHodge, Charles, d 1797-1878. c19692d19692